<?xml version="1.0" encoding="UTF-8"?>
<record
    xmlns:xsi="http://www.w3.org/2001/XMLSchema-instance"
    xsi:schemaLocation="http://www.loc.gov/MARC21/slim http://www.loc.gov/standards/marcxml/schema/MARC21slim.xsd"
    xmlns="http://www.loc.gov/MARC21/slim">

  <leader>01058nam a2200265Ia 4500</leader>
  <controlfield tag="005">20250622124033.0</controlfield>
  <controlfield tag="008">250617s9999||||xx |||||||||||||| ||ara||</controlfield>
  <datafield tag="017" ind1=" " ind2=" ">
    <subfield code="a">2024/29990</subfield>
    <subfield code="b">&#x645;&#x635;&#x631;. &#x62F;&#x627;&#x631; &#x627;&#x644;&#x643;&#x62A;&#x628;</subfield>
  </datafield>
  <datafield tag="020" ind1=" " ind2=" ">
    <subfield code="a">9789778850130</subfield>
  </datafield>
  <datafield tag="082" ind1="0" ind2="4">
    <subfield code="a">"916,232"</subfield>
    <subfield code="b">&#x639; &#x623;</subfield>
  </datafield>
  <datafield tag="100" ind1="0" ind2=" ">
    <subfield code="a">&#x639;&#x628;&#x62F; &#x627;&#x644;&#x647;&#x627;&#x62F;&#x649; &#x645;&#x62D;&#x645;&#x648;&#x62F; &#x645;&#x62D;&#x645;&#x62F;</subfield>
  </datafield>
  <datafield tag="245" ind1="1" ind2="0">
    <subfield code="a">&#x623;&#x631;&#x645;&#x646;&#x62A; &#x648;&#x622;&#x62B;&#x627;&#x631;&#x647;&#x627; &#x62D;&#x62A;&#x649; &#x646;&#x647;&#x627;&#x64A;&#x629; &#x627;&#x644;&#x639;&#x635;&#x631; &#x627;&#x644;&#x645;&#x62A;&#x623;&#x62E;&#x631; ( &#x641;&#x649; &#x636;&#x648;&#x621; &#x627;&#x644;&#x627;&#x643;&#x62A;&#x634;&#x627;&#x641;&#x627;&#x62A; &#x627;&#x644;&#x62D;&#x62F;&#x64A;&#x62B;&#x629; ) = </subfield>
    <subfield code="c">&#x639;&#x628;&#x62F; &#x627;&#x644;&#x647;&#x627;&#x62F;&#x649; &#x645;&#x62D;&#x645;&#x648;&#x62F; &#x645;&#x62D;&#x645;&#x62F;</subfield>
  </datafield>
  <datafield tag="246" ind1=" " ind2=" ">
    <subfield code="a">Armant and its Monuments until the End of the Late Period in Light of Recent Discoveries /</subfield>
  </datafield>
  <datafield tag="250" ind1=" " ind2=" ">
    <subfield code="a">&#x637;1</subfield>
  </datafield>
  <datafield tag="260" ind1="3" ind2=" ">
    <subfield code="a">&#x627;&#x644;&#x642;&#x627;&#x647;&#x631;&#x629; :</subfield>
    <subfield code="b">"&#x627;&#x644;&#x645;&#x624;&#x633;&#x633;&#x629; &#x627;&#x644;&#x62F;&#x648;&#x644;&#x64A;&#x629; &#x644;&#x644;&#x643;&#x62A;&#x627;&#x628;&#x60C;"</subfield>
    <subfield code="c">2025.</subfield>
  </datafield>
  <datafield tag="300" ind1=" " ind2=" ">
    <subfield code="a">408&#x635; :</subfield>
    <subfield code="b">&#x644;&#x648;&#x62D;&#x627;&#x62A; &#x61B;</subfield>
    <subfield code="c">25&#x633;&#x645;.</subfield>
  </datafield>
  <datafield tag="650" ind1=" " ind2=" ">
    <subfield code="a">&#x627;&#x644;&#x622;&#x62B;&#x627;&#x631;</subfield>
  </datafield>
  <datafield tag="650" ind1=" " ind2=" ">
    <subfield code="a">&#x627;&#x644;&#x62D;&#x641;&#x631;&#x64A;&#x627;&#x62A; &#x627;&#x644;&#x623;&#x62B;&#x631;&#x64A;&#x629;</subfield>
  </datafield>
  <datafield tag="650" ind1=" " ind2=" ">
    <subfield code="a">&#x627;&#x644;&#x639;&#x645;&#x627;&#x631;&#x629; &#x627;&#x644;&#x642;&#x62F;&#x64A;&#x645;&#x629;</subfield>
  </datafield>
  <datafield tag="650" ind1=" " ind2=" ">
    <subfield code="a">&#x627;&#x644;&#x641;&#x646; &#x627;&#x644;&#x642;&#x62F;&#x64A;&#x645;</subfield>
  </datafield>
  <datafield tag="651" ind1=" " ind2=" ">
    <subfield code="a">&#x623;&#x631;&#x645;&#x646;&#x62A; </subfield>
    <subfield code="x"> &#x627;&#x644;&#x622;&#x62B;&#x627;&#x631;</subfield>
  </datafield>
  <datafield tag="651" ind1=" " ind2=" ">
    <subfield code="a">&#x645;&#x635;&#x631; </subfield>
    <subfield code="x"> &#x627;&#x644;&#x622;&#x62B;&#x627;&#x631;</subfield>
  </datafield>
  <datafield tag="942" ind1=" " ind2=" ">
    <subfield code="c">BK</subfield>
  </datafield>
  <datafield tag="999" ind1=" " ind2=" ">
    <subfield code="c">67595</subfield>
    <subfield code="d">67595</subfield>
  </datafield>
  <datafield tag="952" ind1=" " ind2=" ">
    <subfield code="0">0</subfield>
    <subfield code="1">0</subfield>
    <subfield code="4">0</subfield>
    <subfield code="7">0</subfield>
    <subfield code="a">CAI</subfield>
    <subfield code="b">CAI</subfield>
    <subfield code="c">&#x627;&#x644;&#x642;&#x627;&#x647;&#x631;&#x629;-&#x639;&#x631;&#x628;&#x649;	</subfield>
    <subfield code="d">2025-06-22</subfield>
    <subfield code="l">0</subfield>
    <subfield code="r">2025-06-22 12:40:33</subfield>
    <subfield code="w">2025-06-22</subfield>
    <subfield code="y">BK</subfield>
  </datafield>
</record>
